<?xml version="1.0" encoding="UTF-8"?><?xml-stylesheet type="text/xsl" href="static/style.xsl"?><OAI-PMH xmlns="http://www.openarchives.org/OAI/2.0/" xmlns:xsi="http://www.w3.org/2001/XMLSchema-instance" xsi:schemaLocation="http://www.openarchives.org/OAI/2.0/ http://www.openarchives.org/OAI/2.0/OAI-PMH.xsd"><responseDate>2026-04-27T12:57:05Z</responseDate><request verb="GetRecord" identifier="oai:uvadoc.uva.es:10324/7781" metadataPrefix="marc">https://uvadoc.uva.es/oai/request</request><GetRecord><record><header><identifier>oai:uvadoc.uva.es:10324/7781</identifier><datestamp>2025-02-19T12:11:30Z</datestamp><setSpec>com_10324_38</setSpec><setSpec>col_10324_852</setSpec></header><metadata><record xmlns="http://www.loc.gov/MARC21/slim" xmlns:doc="http://www.lyncode.com/xoai" xmlns:xsi="http://www.w3.org/2001/XMLSchema-instance" xmlns:dcterms="http://purl.org/dc/terms/" xsi:schemaLocation="http://www.loc.gov/MARC21/slim http://www.loc.gov/standards/marcxml/schema/MARC21slim.xsd">
<leader>00925njm 22002777a 4500</leader>
<datafield tag="042" ind1=" " ind2=" ">
<subfield code="a">dc</subfield>
</datafield>
<datafield tag="720" ind1=" " ind2=" ">
<subfield code="a">Gallego Gómez, Sandra</subfield>
<subfield code="e">author</subfield>
</datafield>
<datafield tag="260" ind1=" " ind2=" ">
<subfield code="c">2014</subfield>
</datafield>
<datafield tag="520" ind1=" " ind2=" ">
<subfield code="a">El objetivo de este trabajo de fin de grado es profundizar en el uso del juego educativo&#xd;
en el proceso de aprendizaje de una lengua extranjera en un contexto CLIL.&#xd;
Se trata de un trabajo práctico en el cual se observa cómo poniendo en práctica con los&#xd;
alumnos una serie de juegos educativos, los cuales estarán orientados a desarrollar las&#xd;
destrezas básicas en lengua extranjera, responden ante este tipo de metodología más&#xd;
dinámica y menos habitual en las aulas de Educación Primaria en España.&#xd;
De esta forma se podrá observar también el efecto motivador que aportan los juegos&#xd;
educativos en los niños, los efectos positivos así como los  negativos que proporciona la &#xd;
metodología lúdica sobre los alumnos de Educación Primaria.</subfield>
</datafield>
<datafield tag="024" ind2=" " ind1="8">
<subfield code="a">http://uvadoc.uva.es/handle/10324/7781</subfield>
</datafield>
<datafield ind1=" " ind2=" " tag="653">
<subfield code="a">Juego - Aspectos educativos</subfield>
</datafield>
<datafield ind1=" " ind2=" " tag="653">
<subfield code="a">Inglés (lengua) - Estudio y enseñanza</subfield>
</datafield>
<datafield tag="245" ind1="0" ind2="0">
<subfield code="a">El uso del juego educativo en el proceso de aprendizaje de una lengua extranjera en un contexto CLIL</subfield>
</datafield>
</record></metadata></record></GetRecord></OAI-PMH>